|
|
|
|
| LEADER |
01067cam a2200337 a 4500 |
| 001 |
000049641 |
| 003 |
9650 |
| 005 |
20060126140238.0 |
| 008 |
010406b1995 vm 000 eng |
| 040 |
|
|
|a IRC
|c IRC
|d IRC
|
| 041 |
0 |
|
|a eng
|
| 082 |
1 |
4 |
|a 510.71094
|b DO-B
|
| 100 |
1 |
|
|a Doig, Brian.
|
| 245 |
0 |
0 |
|a Activities and assessment in mathematics :
|b space, number, measurement, chance and data, problem solving /
|c Brian Doig.
|
| 260 |
|
|
|a Camberwell, Vic. :
|b Australian Council for Educational Research,
|c 1995.
|
| 300 |
|
|
|a 218 sheets :
|b ill. ;
|c teacher's manual (33 p. : ill. ; 30 cm.)
|
| 630 |
0 |
4 |
|a Mathematics.
|
| 650 |
0 |
4 |
|a Students
|x Rating of
|z Australia.
|
| 650 |
0 |
4 |
|a Mathematical ability
|x Testing.
|
| 650 |
0 |
4 |
|a Mathematics
|x Problems, exercises, etc.
|
| 650 |
0 |
4 |
|a Mathematics
|x Study and teaching
|z Australia.
|
| OWN |
|
|
|a DUT
|
| 999 |
|
|
|a From the UDN01
|
| TYP |
|
|
|a Monograph
|
| TYP |
|
|
|a Printed language
|
| 980 |
|
|
|a Mạng thư viện Đại học Đà Nẵng
|